| 000 | 02999cam a2200349 i 4500 | ||
|---|---|---|---|
| 001 | 16040651 | ||
| 003 | EG-ScBUE | ||
| 005 | 20250528093308.0 | ||
| 008 | 100105s2010 enka f b 001 0 eng d | ||
| 020 | _a0521767172 (hardback) | ||
| 020 | _a9780521767170 (hardback) | ||
| 040 |
_aEG-ScBUE _beng _erda _cEG-ScBUE _dEG-ScBUE |
||
| 082 | 0 | 4 |
_a530.44 _222 _bSAR |
| 100 | 1 |
_aSarid, Dror, _931407 _eauthor. |
|
| 245 | 1 | 0 |
_aModern introduction to surface plasmons : _btheory, mathematica modeling, and applications / _cDror Sarid, University of Arizona and William A. Challener, Seagate Technology. |
| 264 | 1 |
_aCambridge : _bCambridge University Press, _c2010. |
|
| 300 |
_axiv, 371 pages ; _billustrations ; _c26 cm |
||
| 336 |
_2rdacontent _atext _btxt |
||
| 337 |
_aunmediated _2rdamedia _bn |
||
| 338 |
_avolume _bnc _2rdacarrier |
||
| 504 | _aIncludes bibliographical references and index. | ||
| 505 | 8 | _aMachine generated contents note: 1. Introduction; 2. Electromagnetics of planar surface waves; 3. Single-interface modes in the microwave regime; 4. Single-interface lossless modes in [epsilon]r'-[mu]r' parameter space; 5. Double-interface lossless modes in [epsilon]r'-[mu]r' parameter space; 6. Single-interface surface plasmons; 7. Double-interface surface plasmons in symmetric guides; 8. Quasi one-dimensional surface plasmons; 9. Localized surface plasmons; 10. Techniques for exciting surface plasmons; 11. Plasmonic materials; 12. Applications; Appendixes; Index. | |
| 520 | _a"Introducing graduate students in physics, optics, materials science and electrical engineering to surface plasmons, this book also covers guided modes at planar interfaces of metamaterials with negative refractive index. The physics of localized and propagating surface plasmons, on planar films, gratings, nanowires and nanoparticles, is developed using both analytical and numerical techniques. Guided modes at the interfaces between materials with any combination of positive or negative permittivity and permeability are analyzed in a systematic manner. Applications of surface plasmon physics are described, including near-field transducers in heat-assisted magnetic recording and biosensors. Resources at www.cambridge.org/9780521767170 include Mathematica code to generate figures from the book, color versions of many figures, and extended discussion of topics such as vector diffraction theory"--Provided by publisher. | ||
| 520 | _a"In 1952 Pines and Bohm discussed a quantized bulk plasma oscillation of electronsin a metallic solid to explain the energy losses of fast electrons passing throughmetal foils [1]. They called this excitation a "plasmon"--Provided by publisher. | ||
| 650 | 7 |
_aPlasmons (Physics) _931408 _2BUEsh |
|
| 650 | 7 |
_aPlasma oscillations. _931409 _2BUEsh |
|
| 650 | 7 |
_aSurfaces (Physics) _95745 _2BUEsh |
|
| 650 | 7 |
_aSurfaces (Technology) _xAnalysis. _913537 _2BUEsh |
|
| 655 | _vReading book | ||
| 700 | 1 |
_aChallener, William Albert, _931410 _eauthor. |
|
| 942 |
_2ddc _cBB |
||
| 999 |
_c17096 _d17068 |
||